000 00709cam a2200253 i 4500
001
003 DO-SdBNP
005 20240126124523.0
008 791003s2005 xx 000 1 eng
010 _a
020 _a0385339453
040 _aBPMSU
_bspa
_cBPMSU
_d
_d
_d
082 4 _a813
_bS631f 2005
_222
100 1 _aSlaughter, Karin
_d
245 1 0 _aFaithless /
_cKarin Slaughter
260 _aNew York :
_bDelacorte Press ,
_c2005
300 _a410 p. ;
_c24 cm.
586 _aNew York Times Bestselling
590 _6Inventariado, 2022/VM
_aInventariado, 2024/VM
650 4 _aNovela estadounidense
655 4 _aNovela histórica
_2
910 _aVMateo V. Control de calidad. BPMSU
942 _2ddc
_cBK
999 _c14546
_d14546